| 000 | 00967nam a22002297a 4500 | ||
|---|---|---|---|
| 999 |
_c62633 _d62633 |
||
| 005 | 20240530110559.0 | ||
| 008 | 160904s2009 au a f 000 0 ara d | ||
| 017 |
_a11020/2009 _bمصر . دار الكتب المصرية |
||
| 020 | _a9789772719111 | ||
| 040 | _aEG-CaGPL | ||
| 082 | 0 | 4 |
_221 _a741.507\ _bأ م |
| 100 | 0 | _aابراهيم مرزوق . | |
| 245 | 1 | 0 |
_aموسوعة تعليم رسم الكاريكاتير و الرسوم المتحركة / _cاعداد ابراهيم مرزوق |
| 250 | _aط1 . | ||
| 260 |
_aالقاهرة : _bمكتبة ابن سينا للطباعة والنشر والتوزيع ، _c2009 . |
||
| 300 |
_a176 ص : _bايض ؛ _c30 سم . |
||
| 504 | _aببليوجرافية : ص174 - 175 | ||
| 650 | 0 | 4 |
_aالكاريكاتير _vدوائر معارف _xتعليم و تدريس . |
| 650 | 0 | 4 |
_aالرسوم المتحركة _xتعليم وتدريس . |
| 942 |
_2ddc _cBK |
||